000 00156nam a22000857a 4500
082 _a823
100 _aEMILY HUTTA
245 _aALICE IN WONDERLAND
942 _cBK
999 _c8399
_d8399